Motion Picture Soundtrack lyrics - Statistics

General Stats
  • This quiz has been taken 64 times
  • The average score is 57 of 71
Answer Stats
Answer % Correct
I
91%
I
91%
I
91%
I
91%
I
91%
I
91%
and
89%
and
89%
pills
89%
sleeping
89%
the
89%
the
89%
you
89%
your
89%
crazy,
86%
crazy,
86%
crazy
86%
crazy
86%
get
86%
get
86%
get
86%
think
86%
think
86%
think
86%
think
86%
you're
86%
you're
86%
you're
86%
youre
86%
Cheap
83%
in
83%
life
83%
maybe
83%
maybe
83%
maybe
83%
maybe
83%
me
83%
me
83%
next
83%
see
83%
sex
83%
will
83%
Red
80%
sad
80%
to
80%
wine
80%
back
77%
back
77%
films
77%
Help
77%
Help
77%
not
77%
arms
74%
where
74%
always
71%
burned
71%
It's
71%
letters
71%
Letters
71%
like
69%
movies
69%
sending
69%
Stop
69%
belong
66%
lies
63%
They
63%
white
63%
fed
60%
little
60%
us
60%
on
54%
No matching quizzes found
Score Distribution
Percent of People with Each Score
Percentile by Number Answered
Your Score History
You have not taken this quiz